Top 10 Exporters of Lithium Ion Batteries - Statistics

General Stats
  • This quiz has been taken 37 times
  • The average score is 6 of 10
Answer Stats
Value Answer % Correct
389.9 China
96%
192.5 Japan
89%
457.7 USA
86%
196 Germany
71%
132.9 France
64%
221.2 Indonesia
43%
118.1 Netherlands
43%
94.5 Belgium
39%
338.8 Singapore
29%
302.5 Hong Kong
4%
No matching quizzes found
Score Distribution
Percent of People with Each Score
Percentile by Number Answered
Your Score History
You have not taken this quiz